Statystyki dla Ta sama litera Państwa i Stolicy

Kliknij tutaj aby rozwiązać quiz!

Ogólne statystyki

  • Ten quiz został rozwiązany 51 razy
  • Średni wynik to 12 z 26

Statystyki odpowiedzi

LiteraPaństwo / Stolica% Poprawnych
BBrazylia / Brasilia
79%
WWatykan / Watykan
79%
AAndora / Andora La Vella
76%
AAlgieria / Algier
64%
LLuksemburg / Luksemburg
64%
MMonako / Monako
62%
BBelgia / Bruksela
60%
SSan Marino / San Marino
60%
SSzwecja / Sztokholm
60%
MMeksyk / Meksyk
57%
TTunezja / Tunis
50%
PPanama / Panama
48%
DDżibuti / Dżibuti
40%
SSingapur / Singapur
40%
MMalediwy / Male
38%
BBrunei / Bandar Seri Begawan
36%
GGwatemala / Gwatemala
36%
NNiger / Niamey
33%
SSri Lanka / Sri Dźajawardanapura Kotte
33%
KKuwejt / Kuwejt
31%
MMozambik / Maputo
29%
BBelize / Belmopan
26%
TTajwan / Tajpei
26%
BBarbados / Bridgetown
24%
GGujana / Georgetown
24%
PPapua Nowa-Gwinea / Port Moresby
12%

Rozkład punktacji

Percentyl według liczby udzielonych odpowiedzi

Procent ludzi z każdym wynikiem

Twoja historia wyników

Nie rozwiązałeś tego quizu